| 000 | 00577nam a2200241Ia 4500 | ||
|---|---|---|---|
| 008 | 210210b2016 xxu||||| |||| 00| 0 eng d | ||
| 020 | _a9788126561056 | ||
| 041 | _aeng | ||
| 082 | _a530.12 ZETQ | ||
| 100 | _aZETTILI (Nouredine) | ||
| 245 | _aQuantum mechanics: concepts and applications Ed 2 | ||
| 260 |
_aNew Delhi _bWiley _c2016 |
||
| 300 | _axvi,672 | ||
| 650 | _aQuantum | ||
| 650 | _amechanis: | ||
| 650 | _amechanics: | ||
| 650 | _aEd | ||
| 650 | _aconcepts | ||
| 650 | _aapplications | ||
| 650 | _a2 | ||
| 690 | _aQuantum Mechanics | ||
| 906 | _a072595 | ||
| 999 |
_c122432 _d122432 |
||